LEADER 01277nam2 2200325 i 450 001 VAN00014733 005 20240806100300.268 010 $a88-420-3210-7 020 $aIT$b90 13160 100 $a20031216d1988 |0itac50 ba 101 $aita 102 $aIT 105 $a|||| ||||| 200 1 $a1894-1902$fGaetano Salvemini$ga cura di Sergio Bucchi 210 $aRoma [ecc.]$cLaterza$d1988 215 $aVIII, 576 p.$d21 cm. 410 1$1001VAN00009761$12001 $aCollezione di studi meridionali 461 1$1001VAN00001545$12001 $aCarteggio$fGaetano Salvemini$1210 $aRoma [etc.]$cLaterza ; [poi] Manduria$cLacaita$1215 $av.$d21 cm. 606 $aSalvemini, Gaetano$xLettere e carteggi$3VANC005498$2FI 620 $dRoma$3VANL000360 676 $a945.090924$v21 700 1$aSalvemini$bGaetano$3VANV007585$0342619 702 1$aBucchi$bSergio$3VANV010709 712 $aLaterza $3VANV107871$4650 801 $aIT$bSOL$c20240906$gRICA 899 $aBIBLIOTECA DEL DIPARTIMENTO DI GIURISPRUDENZA$1IT-CE0105$2VAN00 912 $aVAN00014733 950 $aBIBLIOTECA DEL DIPARTIMENTO DI GIURISPRUDENZA$d00CONS XXIV.Ga.17 $e00 8748 20041116 996 $a1894-1902$91401410 997 $aUNICAMPANIA